Central Library OPAC University of Rajshahi

The invisible link : (Record no. 59675)

MARC details
000 -LEADER
fixed length control field 00925nam a2200277 a 4500
001 - CONTROL NUMBER
control field 59675
003 - CONTROL NUMBER IDENTIFIER
rucl marc code BD-RjUL
005 - DATE AND TIME OF LATEST TRANSACTION
control field 20211209080746.0
008 - FIXED-LENGTH DATA ELEMENTS--GENERAL INFORMATION
fixed length control field 161226s1986 maua b 001 0 eng
020 ## - INTERNATIONAL STANDARD BOOK NUMBER
International Standard Book Number 0262240254
035 ## - SYSTEM CONTROL NUMBER
System control number (BD-RjUL)59799
040 ## - CATALOGING SOURCE
Original cataloging agency DLC
Transcribing agency DLC
Modifying agency BD-RjUL
Language of cataloging eng
041 ## - LANGUAGE CODE
Language code of text/sound track or separate title eng
082 00 - DEWEY DECIMAL CLASSIFICATION NUMBER
Classification number 338.80420952
Edition number 23
Author mark and year YOI 1986
100 1# - MAIN ENTRY--PERSONAL NAME
Personal name Yoshino, M. Y.
Fuller form of name (Michael Y.)
9 (RLIN) 176922
245 14 - TITLE STATEMENT
Title The invisible link :
Remainder of title Japan's sogo shosha and the organization of trade /
Statement of responsibility, etc. M.Y. Yoshino and Thomas B. Lifson.
260 ## - PUBLICATION, DISTRIBUTION, ETC. (IMPRINT)
Place of publication, distribution, etc. Cambridge, Mass. :
Name of publisher, distributor, etc. MIT Press,
Date of publication, distribution, etc. c1986.
300 ## - PHYSICAL DESCRIPTION
Pagination x, 291 p. :
Illustrations ill. ;
Size 24 cm.
504 ## - BIBLIOGRAPHY, ETC. NOTE
Bibliography, etc Includes index and Bibliography: p. [279]-285.
650 #0 - SUBJECT ADDED ENTRY--TOPICAL TERM
Topical term or geographic name as entry element Combination
9 (RLIN) 177592
Topical term or geographic name as entry element Conglomerate corporations
Geographic subdivision Japan.
9 (RLIN) 177592
Topical term or geographic name as entry element Trading companies
Geographic subdivision Japan.
9 (RLIN) 177593
700 1# - ADDED ENTRY--PERSONAL NAME
Personal name Lifson, Thomas B.
942 ## - ADDED ENTRY ELEMENTS (KOHA)
Source of classification or shelving scheme Dewey Decimal Classification
Koha item type Books
Holdings
Lost status Source of classification or shelving scheme Damaged status Not for loan Collection code Permanent Location Current Location Shelving location Date acquired Source of acquisition Total Checkouts Full call number Date last seen Copy number Koha item type
  Dewey Decimal Classification   Not For Loan Non-fiction Central Library, University of Rajshahi Central Library, University of Rajshahi Reading Room 03/03/1996 Asia foundation   338.80420952 YOI 1986 26/12/2016 C-1 Books